Work and welfare in the years ahead 38. Joseph Fisher lecture on commerce

Na minha lista:
Detalhes bibliográficos
Autor principal: Gregory, R.G
Formato: Livro
Idioma:inglês
Publicado em: Adelaide University 1981
Tags: Adicionar Tag
Sem tags, seja o primeiro a adicionar uma tag!

MARC

LEADER 00000nam a2200000 4500
001 c130947
005 20041019155251.0
041 0 |a eng 
044 |a AU 
245 1 0 |a Work and welfare in the years ahead  |b 38. Joseph Fisher lecture on commerce  |c R.G. Gregory 
264 1 |a Adelaide  |b University  |c 1981 
300 |a 28 s. 
100 1 |a Gregory, R.G.